Statistics for Languages of the European Union

Click here to take the quiz!

General Stats

  • This quiz has been taken 83 times
  • The average score is 22 of 24

Answer Stats

Native SpeakersTotal SpeakersAnswer% Correct
2%3%Portuguese
99%
4%5%Dutch
97%
13%26%French
97%
18%32%German
97%
3%4%Greek
97%
12%16%Italian
97%
8%9%Polish
97%
8%15%Spanish
97%
2%3%Swedish
97%
5%5%Romanian
96%
2%2%Bulgarian
95%
1%51%English
95%
<1%<1%Latvian
94%
2%3%Czech
92%
1%1%Danish
92%
<1%<1%Estonian
92%
1%1%Lithuanian
92%
3%3%Hungarian
91%
1%2%Slovak
91%
1%1%Finnish
88%
1%1%Croatian
86%
<1%<1%Irish
79%
<1%<1%Maltese
75%
<1%<1%Slovene
60%

Score Distribution

Percentile by Number Answered

Percent of People with Each Score

Your Score History

You have not taken this quiz